Les 30 joueurs les + chers du FC Barcelone - Statistiques

Statistiques générales
  • Ce quiz a été pris 258 fois
    55 depuis la dernière actualisation
  • Le résultat moyen est 23 sur 30
Statistiques - réponses
# Saison Provenance Poste Valeur du transfert Pays Joueur % Correct
3 19/20 Atlético de Madrid A 120 000 000 € Antoine Griezmann
98%
4 13/14 Santos FC A 88 000 000 € Neymar
98%
1 17/18 Borussia Dortmund A 148 000 000 € Ousmane Dembélé
98%
2 17/18 Liverpool FC M 135 000 000 € Philippe Coutinho
98%
13 22/23 FC Bayern München A 45 000 000 € Robert Lewandowski
98%
7 09/10 Inter A 69 500 000 € Zlatan Ibrahimović
98%
5 19/20 AFC Ajax M 86 000 000 € Frenkie de Jong
96%
12 22/23 Sevilla FC D 50 000 000 € Jules Koundé
96%
6 14/15 Liverpool FC A 81 720 000 € Luis Suárez
96%
9 22/23 Leeds United FC A 58 000 000 € Raphinha
94%
11 21/22 Manchester City A 55 000 000 € Ferran Torres
92%
10 24/25 RB Leipzig M 55 000 000 € Dani Olmo
90%
14 18/19 FC Girondins de Bordeaux A 41 000 000 € Malcom
85%
8 20/21 Juventus M 60 000 000 € Miralem Pjanić
85%
30 04/05 RCD Mallorca A 27 000 000 € Samuel Eto'o
83%
21 08/09 Sevilla FC D 35 500 000 € Dani Alves
79%
24 03/04 Paris Saint-Germain A 32 250 000 € Ronaldinho
79%
23 15/16 Atlético de Madrid A 34 000 000 € Arda Turan
77%
18 18/19 Sevilla FC D 35 900 000 € Clément Lenglet
75%
22 11/12 Arsenal FC M 34 000 000 € Cesc Fàbregas
69%
15 10/11 Valencia CF A 40 000 000 € David Villa
69%
16 17/18 Guangzhou FC M 40 000 000 € Paulinho
67%
17 16/17 Valencia CF M 37 000 000 € André Gomes
63%
20 17/18 SL Benfica D 35 700 000 € Nélson Semedo
58%
27 23/24 Club Athletico Paranaense A 30 000 000 € Vitor Roque
52%
25 18/19 Grêmio FBPA M 31 000 000 € Arthur Melo
46%
26 20/21 SC Braga A 30 940 000 € Francisco Trincão
44%
19 01/02 CA River Plate A 35 900 000 € Javier Saviola
25%
29 00/01 Arsenal FC A 29 300 000 € Marc Overmars
25%
28 16/17 Valencia CF A 30 000 000 € Paco Alcácer
25%
Aucun quiz correspondant
Distribution des résultats
% des personnes avec chaque résultat
Percentile par nombre de réponses
Votre historique - résultats
Vous n’avez pas pris ce quiz depuis la dernière actualisation